000 00628nam a2200253Ia 4500
001 16167
003 GE_BSU
008 181216s||||||||xx |||||||||||||| ||und||
020 _a9780857778161
040 _cGE_BSU
080 _a811.111+338
100 _aEvans,Virginia. Dooley,Jenny. Smith,David J.O.
245 _aLaw:Book1.Book2.Book3
245 _bAudio +CDs
260 _aNewbury
260 _bExpress Publishing
260 _c2011
300 _a127p.ill.30cm.
541 _h24Gel.94T.
653 _aBusiness
653 _aბიზნესი
653 _aინგლისური ენა
942 _cBK
999 _c49253
_d49253